Gelesen und für gut befunden texte zur Entwicklung desversteheden Lesens

Bibliographic Details
Main Author: Berglová, Eva, 1943- (Author)
Format: Book
Language:German
PhysicalDescription:95 s. 8°
Published: Praha Státní pedagogické nakladatelství 1989
Edition:1. vyd.
Subjects:

MARC

LEADER 00000cam a2200000 a 4500
001 vtls001332598
003 SK-MaSNL
005 20260301150134.0
008 240509s1989 xr 00000 ger
035 |a SNK000285499 
040 |a SNK  |b slo  |c SNK  |e AACR2 
041 0 |a ger 
044 |a xr  |c CZ 
080 |a 803.0(075.8)  |2 1981 
100 1 |a Berglová, Eva,  |d 1943-  |4 aut  |9 145750 
245 1 0 |a Gelesen und für gut befunden  |b texte zur Entwicklung desversteheden Lesens  |c Eva Berglová 
250 |a 1. vyd. 
260 |a Praha  |b Státní pedagogické nakladatelství  |c 1989 
300 |a 95 s.  |c 8° 
650 0 7 |a nemčina  |2 SNKPH  |9 1384 
655 7 |a učebnice vysokých škôl  |2 SNKPH  |9 70191 
710 2 |a Univerzita Karlova.  |b Fakulta filosofická  |4 pbl  |9 506912 
852 |a Slovenská národná knižnica 
958 |a RK 
958 |a OND 
999 |c 782621  |d 784551 
952 |t P60, <04>, [BOOK], {604}  |a SNK  |b SNK  |y VYP  |7 0  |o snkIC 113812  |i snkKIP 21/90  |0 0  |1 0  |4 0  |d 1998-05-28  |l 0  |r 2005-01-02 00:00:00  |w 2026-02-24 
952 |t P60, <04>, [BOOK], {604}  |a SNK  |b SNK  |y VYP  |7 0  |o snkIC 113812 D1  |i snkKIP 22/90  |0 0  |1 0  |4 0  |d 1998-05-28  |l 0  |r 2005-01-02 00:00:00  |w 2026-02-24